Hardy Boys Books Quiz Stats

 Plays Quiz Updated Mar 30, 2020

     
Support Sporcle.
Go Orange.
Score 0/58 Timer 10:00
0 Plays Today
Series # Title % Correct
1The Tower Treasure
76.8%
2The House on the Cliff
63.4%
4The Missing Chums
63.2%
3The Secret of the Old Mill
56.7%
6The Shore Road Mystery
53.4%
5Hunting for Hidden Gold
52%
11While the Clock Ticked
51.6%
10What Happened at Midnight
50.9%
9The Great Airport Mystery
48.3%
15The Sinister Signpost
47.9%
19The Disappearing Floor
46.6%
12Footprints under the Window
46.1%
39The Mystery of the Chinese Junk
45.8%
8The Mystery of Cabin Island
45.4%
18The Twisted Claw
44.7%
13The Mark on the Door
44.5%
7The Secret of the Caves
44%
33The Yellow Feather Mystery
43.9%
23The Melted Coins
43.1%
46The Secret Agent on Flight 101
41.7%
25The Secret Panel
41.3%
35The Clue in the Embers
40.7%
31The Secret of Wildcat Swamp
40.6%
24The Short-Wave Mystery
40.5%
16A Figure in Hiding
40.3%
26The Phantom Freighter
40.2%
14The Hidden Harbor Mystery
40.1%
44The Haunted Fort
39.7%
22The Flickering Torch Mystery
39.4%
Series # Title % Correct
21The Clue of the Broken Blade
39.1%
43The Mystery of the Aztec Warrior
38.4%
34The Hooded Hawk Mystery
38.2%
49The Bombay Boomerang
38.1%
40Mystery of the Desert Giant
38.1%
58The Sting of the Scorpion
38%
30The Wailing Siren Mystery
37.8%
57The Firebird Rocket
37.7%
32The Crisscross Shadow
37.7%
55The Witchmaster's Key
37.7%
27The Secret of Skull Mountain
37.6%
20Mystery of the Flying Express
37.5%
17The Secret Warning
37.4%
51The Masked Monkey
37.3%
48The Arctic Patrol Mystery
37.3%
47Mystery of the Whale Tattoo
36.5%
45The Mystery of the Spiral Bridge
36.2%
52The Shattered Helmet
35.7%
56The Jungle Pyramid
35.6%
50Danger on Vampire Trail
34.7%
36The Secret of Pirates' Hill
34.2%
37The Ghost at Skeleton Rock
34.1%
28The Sign of the Crooked Arrow
34%
42The Viking Symbol Mystery
33.9%
54The Mysterious Caravan
33.2%
41The Clue of the Screeching Owl
33%
29The Secret of the Lost Tunnel
32.9%
38Mystery at Devil's Paw
32.8%
53The Clue of the Hissing Serpent
30.3%

From the Vault

Sunday Crossword: Good Riddance

by anonymous987

Good riddance until next Sunday, where there might be another crossword.
Remove Ads.
Support Sporcle.
Get the best of Sporcle when you Go Orange. This ad-free experience offers more features, more stats, and more fun while also helping to support Sporcle. Thank you for becoming a member.

Show Comments

Extras

Top Quizzes Today


Score Distribution

Your Account Isn't Verified!

In order to create a playlist on Sporcle, you need to verify the email address you used during registration. Go to your Sporcle Settings to finish the process.

Report this User

Report this user for behavior that violates our Community Guidelines.

Details: